Exteriérový objekt určený pre festivalové podujatie
Guardado en:
| Autor principal: | |
|---|---|
| Otros Autores: | |
| Formato: | Manuscrito Libro |
| Lenguaje: | eslovaco |
| Publicado: |
Bratislava
2019
|
| Materias: | |
| Acceso en línea: | http://is.stuba.sk/zp/portal_zp.pl?podrobnosti=133797 |
| Etiquetas: |
Sin Etiquetas, Sea el primero en etiquetar este registro!
|
MARC
| LEADER | 00000ntm a22000003a 4500 | ||
|---|---|---|---|
| 001 | stuzp74857 | ||
| 003 | SK-STU | ||
| 005 | 20200923093146.3 | ||
| 007 | ta | ||
| 008 | 150427s2015----xo-----f-mn---000-0-slo-d | ||
| 040 | |a STU |b slo | ||
| 041 | 0 | |a slo | |
| 100 | 1 | |a Uhlárová, Laura |u 059190 |4 aut |U FAD Fakulta architektúry |T FA Ústav dizajnu |X 82439 |U A9190 |Y 400 |7 82439 | |
| 242 | 0 | 1 | |a Outdoor object for festival event |y eng |
| 245 | 1 | 0 | |a Exteriérový objekt určený pre festivalové podujatie |
| 260 | |c 2019 |a Bratislava | ||
| 650 | 4 | |a festival |2 slo | |
| 650 | 4 | |a sedací nábytok |2 slo | |
| 650 | 4 | |a ohýbanie kovových rúr |2 slo | |
| 650 | 4 | |a záhradný nábytok |2 slo | |
| 650 | 4 | |a park |2 slo | |
| 650 | 4 | |a festival |2 eng | |
| 650 | 4 | |a seating furniture |2 eng | |
| 650 | 4 | |a metal tube bending |2 eng | |
| 650 | 4 | |a garden furniture |2 eng | |
| 650 | 4 | |a park |2 eng | |
| 700 | 1 | |a Paliatka, Peter |u 059190 |k Z1 |4 ths |U FAD Fakulta architektúry |T FA Ústav dizajnu |X 332 |U A9190 |Y 400 |7 A000000332 | |
| 856 | 4 | |u http://is.stuba.sk/zp/portal_zp.pl?podrobnosti=133797 |u https://opac.crzp.sk/?fn=detailBiblioForm&sid=819BE1355532A4D3171163AB1E91 | |